000 00683nam a22002777a 4500
003 IBSLLIB
005 20260515085741.0
008 260515b |||||||| |||| 00| 0 eng d
020 _a0256083428
040 _aIBSLLIB
_beng
041 _hEnglish
082 _a332.6
_bBOD
100 _aBodie , Zvi
245 _aInvestments
250 _a2 nd ed.
260 _aUSA :
_bIRWIN
_c1989
300 _a1030 P ;
_c23 cm
650 _aInvestments
653 _aPortfolio Theory
653 _aCapital Market
653 _aFixed - Income Securities
653 _aAnalysis
700 _aKane , Alex ,
_eCo- Author
700 _aMarcus J. Alan ,
_eCo Author
942 _cLBK
999 _c22149
_d22149